| 000 | 00370nam a2200169Ia 4500 | ||
|---|---|---|---|
| 003 | OSt | ||
| 005 | 20260307103824.0 | ||
| 008 | 250729s1900 xx 000 0 und d | ||
| 040 | _cAL | ||
| 041 | _akan | ||
| 082 | _a000.1 GLAG | ||
| 100 |
_asmt Gladis Rego _9229972 |
||
| 245 | _aJalli vath | ||
| 260 |
_aNewdelhi _bMangalore |
||
| 300 | _a168p | ||
| 942 |
_2ddc _cBED |
||
| 999 |
_c238549 _d238549 |
||